Cities of the USA translated into French - Statistics

General Stats
  • This quiz has been taken 48 times
  • The average score is 6 of 16
Answer Stats
Hint Answer % Correct
Nouvelle-Orléans New Orleans
98%
Saint François San Francisco
83%
Les Anges Los Angeles
78%
Terre du Port Portland
76%
Saint Joseph San Jose
65%
Ville du Lac de Sel Salt Lake City
57%
Ville de Lavage Washington
26%
Maisonville Houston
22%
Baguette Écarlate Baton Rouge
17%
Nouvel Abri New Haven
15%
Château Valeur Fort Worth
11%
Le Col El Paso
4%
Les Plaines Fertiles Las Vegas
4%
Fils d'Alain McAllen
2%
Chernée Dearborn
0%
Chance Providence
0%
No matching quizzes found
Score Distribution
Percent of People with Each Score
Percentile by Number Answered
Your Score History
You have not taken this quiz